000 00666cam a2200217 a 4500
001 000003787
005 20200929150553.0
008 951206s1998 sp 001 0 spa
020 _a8408025031
040 _aDO-SdBNP
_bspa
_cBNPHU
041 1 7 _aesp
_heng
082 _a891.628
_bM379u
100 1 _aMartin, Malachi
_d1921-1999
_911510
245 1 3 _aEl Ășltimo Papa /
_cMalachi Martin ; traductor, Enric Tremps.
260 _aBarcelona :
_bPlaneta,
_c1998.
300 _a[731] p. ;
_c24 cm.
534 _aTĂ­tulo original: The windswept house.
650 4 _aNovela irlandesa
_911511
650 4 _aLiteratura irlandesa
_911512
700 1 _aTremps, Enric.
_etr.
_910907
999 _c3609
_d3609